Things That Are Rainbow Colored Quiz Stats

 Plays Quiz Updated May 10, 2013

Challenge
Share
Tweet
Score 0/28 Timer 05:00
2 Plays Today
Row % Correct
Row 3 AcrossApple logo
98.4%
Row 1 Acrosscrayons
98%
Row 1 Acrossstraws
97.4%
Row 1 Acrosstoe socks
97.4%
Row 1 AcrossEaster eggs
96.9%
Row 2 Acrosspancakes
96.8%
Row 2 Acrossmatches
96.5%
Row 4 Acrosscolored pencils
95.3%
Row 4 Acrossyarn
94.5%
Row 4 Acrosspoodle
94.4%
Row 2 AcrossRainbow Lorikeet
94.4%
Row 5 Acrosshot air balloon
94%
Row 3 Acrosspastels
91.4%
Row 1 Acrossfeathers
91.1%
Row % Correct
Row 1 Acrosswatercolor paints
90.3%
Row 5 AcrossCrocs
90%
Row 4 Acrossfireworks
90%
Row 1 Acrossumbrella
89.5%
Row 5 Acrossnail polish
89.5%
Row 3 AcrossNBC peacock
87%
Row 2 Acrosssmoke
85.5%
Row 2 AcrossiPods
85%
Row 5 Acrossplastic Slinky
84.9%
Row 3 Acrosslollipop
84.9%
Row 3 Acrossm&m's
84.5%
Row 4 Across'Dark Side of the Moon' Pink Floyd
81.2%
Row 5 Acrosspinwheel
75.5%
Row 3 Acrosstie-dye
67.9%

You're not logged in!

Compare scores with friends on all Sporcle quizzes.
Join for Free
OR
Log In

You Might Also Like...

Show Comments

Extras

Top Quizzes Today


Score Distribution

Your Account Isn't Verified!

In order to create a playlist on Sporcle, you need to verify the email address you used during registration. Go to your Sporcle Settings to finish the process.

Report this User

Report this user for behavior that violates our Community Guidelines.

Details: